The stud. (Record no. 350851)
[ view plain ]
| 000 -LEADER | |
|---|---|
| fixed length control field | 00616nam a2200241 4500 |
| 001 - CONTROL NUMBER | |
| control field | 2691456 |
| 003 - CONTROL NUMBER IDENTIFIER | |
| control field | OSt |
| 005 - DATE AND TIME OF LATEST TRANSACTION | |
| control field | 20180116183027.0 |
| 008 - FIXED-LENGTH DATA ELEMENTS--GENERAL INFORMATION | |
| fixed length control field | 700619t19701969nyu 000 1 eng |
| 010 ## - LIBRARY OF CONGRESS CONTROL NUMBER | |
| LC control number | 75120127 |
| 020 ## - INTERNATIONAL STANDARD BOOK NUMBER | |
| International Standard Book Number | 0330284843 |
| 040 ## - CATALOGING SOURCE | |
| Original cataloging agency | DLC |
| Transcribing agency | DLC |
| Modifying agency | DLC |
| 050 00 - LIBRARY OF CONGRESS CALL NUMBER | |
| Classification number | PZ4.C7112 |
| Item number | St3 |
| Classification number | PR6053.O425 |
| 082 00 - DEWEY DECIMAL CLASSIFICATION NUMBER | |
| Classification number | 813.54 Col 1984 |
| 100 1# - MAIN ENTRY--PERSONAL NAME | |
| Personal name | Collins, Jackie. |
| 245 14 - TITLE STATEMENT | |
| Title | The stud. |
| 260 ## - PUBLICATION, DISTRIBUTION, ETC. | |
| Place of publication, distribution, etc. | New York, |
| Name of publisher, distributor, etc. | World Pub. Co. |
| Date of publication, distribution, etc. | [1970, c1969] |
| 300 ## - PHYSICAL DESCRIPTION | |
| Extent | 218 p. |
| Dimensions | 21 cm. |
| Other physical details | PB |
| 350 ## - PRICE (NR) (BK AM CF MU VM SE) [OBSOLETE] | |
| Price | 5.95 |
| 440 ## - SERIES STATEMENT/ADDED ENTRY--TITLE | |
| Title | The stud. |
| 906 ## - LOCAL DATA ELEMENT F, LDF (RLIN) | |
| a | 7 |
| b | cbc |
| c | orignew |
| d | u |
| e | ncip |
| f | 19 |
| g | y-gencatlg |
| 942 ## - ADDED ENTRY ELEMENTS (KOHA) | |
| Source of classification or shelving scheme | |
| Koha item type | Book |
| Withdrawn status | Lost status | Source of classification or shelving scheme | Damaged status | Not for loan | Collection code | Permanent Location | Current Location | Shelving location | Date acquired | Total Checkouts | Total Renewals | Full call number | Barcode | Checked out | Date last seen | Date last checked out | Price effective from | Koha item type |
|---|---|---|---|---|---|---|---|---|---|---|---|---|---|---|---|---|---|---|
| Central Library (CL) | Central Library (CL) | Fiction | 12/15/2015 | 3 | 9 | 813.54 Col 1984 | NBSD-2403 | 06/08/2026 | 01/23/2026 | 01/23/2026 | 12/15/2015 | Book |
